| 000 | 01182nam a22003377a 4500 | ||
|---|---|---|---|
| 001 | BR8105533 | ||
| 003 | BR-BrBNA | ||
| 005 | 20230928091039.0 | ||
| 007 | ta | ||
| 008 | 230509b bl.||||| |||| 00| 0 por d | ||
| 040 |
_aBR-BrBNA _bpor _cBiblioteca Nacional de Agricultura |
||
| 041 | _a(Por) | ||
| 072 |
_aA50; F00; L00 _b0150 _b0336 _b0170 _b5212 _b/G514 |
||
| 090 | _ 0150 BR8105533 | ||
| 110 | 1 |
_aUnidade de Execucao de Pesquisa de Ambito Estadual de Pelotas, RS (Brasil) _910370 |
|
| 245 | 1 |
_aRelatorio Tecnico Anual da Unidade de Execucao de Pesquisa de Ambito Estadual de Pelotas 1976-1977-1978 [Arroz; Oryza sativa; Soja; Glycine max; Sorgo; Sorghum spp; Bovino; Rio Grande do Sul; Brasil] _bConvenio EMBRAPA/Universidade Federal de Pelotas |
|
| 260 | 3 |
_aPelotas, RS (Brasil): _c1981. |
|
| 300 | _a100 p. | ||
| 500 | _a46 tables; Bibliography p. 91-100 (147 ref.) | ||
| 650 | _aARROZ | ||
| 650 | _aSOJA | ||
| 650 | _aSORGO | ||
| 650 | _aBOVINO | ||
| 650 | _aCRIACAO | ||
| 650 | _aPROJETO DE PESQUISA | ||
| 650 | _aPRATICA CULTURAL | ||
| 650 | _aPROGRAMA DE PESQUISA | ||
| 650 | _aRIO GRANDE DO SUL | ||
| 909 |
_a202309 _bLucia _c55 _dLucia Elande |
||
| 942 | _cBK | ||
| 999 |
_c31938 _d31938 |
||